[Event "Spartakiada URS (w)"]
[Site "masterchessopen.com - Azov (Russia)"]
[Round "1"]
[White "Matveeva Svetlana (RUS)"]
[Black "Prudnikova Svetlana (SRB)"]
[Result "0-1"]
[WhiteElo "2377"]
[BlackElo "2349"]

1.d4 Nf6 2.c4 c5 3.d5 e6 4.Nc3 exd5 5.cxd5 d6 6.Nf3 g6 7.Nd2 Bg7 8.e4 O-O
9.Be2 Re8 10.O-O Nbd7 11.a4 a6 12.a5 b5 13.axb6 Nxb6 14.f3 Nh5 15.f4 Nf6
16.Bf3 Rb8 17.Nb3 Nc4 18.Ra4 Nb6 19.Ra2 Nc4 20.Be2 Ng4 21.Bxg4 Bxg4 22.Qxg4
Rxb3 23.e5 dxe5 24.f5 e4 25.Rxa6 Nxb2 26.fxg6 hxg6 27.Rxf7 Kxf7 28.Qxg6+ Kf8
29.Bh6 Rb7 30.Qh7 Qg5 31.Qh8+ Kf7 32.Qxe8+ Kxe8 33.Bxg5 Bxc3 34.Re6+ Kf7
35.Rxe4 Rd7 36.h4 Rxd5 37.Re7+ Kg6 38.Kh2 Bd2 39.Bxd2 Rxd2 40.Rc7 c4 41.Kh3
Rd3+ 42.Kg4 Rd4+ 43.Kh3 Nd3 44.g3 Ne5 45.Rc5 Kf5 46.h5 Rd6 47.g4+ Kf4 48.g5
Rc6 49.Ra5 c3 50.g6 c2 51.Ra4+ Rc4 52.Ra1 c1=Q 53.Rxc1 Rxc1 54.g7 Kf3 55.Kh4
Nf7 {#R} 0-1

[Event "Ch Poland"]
[Site "masterchessopen.com - Bielsko-Biala (Poland)"]
[Round "10"]
[White "Kalinowski Roman (POL)"]
[Black "Jaworski Miroslaw (POL)"]
[Result "0-1"]
[WhiteElo "2166"]
[BlackElo "2320"]

1.d4 Nf6 2.c4 c5 3.d5 e6 4.Nc3 exd5 5.cxd5 d6 6.Nf3 g6 7.Nd2 Bg7 8.e4 O-O
9.Be2 Re8 10.O-O b6 11.a4 Na6 12.f3 Nc7 13.Nc4 Ba6 14.Re1 Rb8 15.Be3 Qd7
16.Qd2 Bxc4 17.Bxc4 a6 18.Bf1 Rb7 19.Rab1 b5 20.b4 c4 21.Ra1 bxa4 22.Rab1 Nb5
23.Nxa4 Na3 24.Nb6 Nxb1 25.Rxb1 c3 26.Qf2 Qe7 27.Bd3 Rc7 28.Rc1 Nd7 29.Bxa6
Ne5 30.Bd4 Nxf3+ {#R} 0-1

[Event "Bundesliga 1990/91"]
[Site "masterchessopen.com - Germany"]
[Round "0"]
[White "Heyken Enno (GER)"]
[Black "Wesseln Kai (GER)"]
[Result "1-0"]
[WhiteElo "2356"]
[BlackElo "2335"]

1.d4 Nf6 2.c4 c5 3.d5 e6 4.Nc3 exd5 5.cxd5 d6 6.e4 g6 7.Nf3 Bg7 8.Be2 O-O
9.O-O Re8 10.Nd2 Nbd7 11.h3 a6 12.a4 Rb8 13.Qc2 Nh5 14.Bxh5 gxh5 15.a5 Ne5
16.f4 Ng6 17.Nf3 b5 18.axb6 Qxb6 19.f5 Ne5 20.Nxe5 Bxe5 21.Qe2 f6 22.Qxh5 Qd8
23.Ne2 Rb4 24.Ra3 Rxe4 25.Nf4 Bxf4 26.Rxf4 Rxf4 27.Bxf4 Kh8 28.Rg3 Rg8 29.Qf7
Rxg3 30.Bxg3 Qg8 31.Qxf6+ Qg7 32.Qd8+ Qg8 33.Qxd6 Qe8 34.Be5+ Kg8 35.Qf6 {#r}
1-0

[Event "?"]
[Site "masterchessopen.com - Helsinki (Finland)"]
[Round "0"]
[White "Lehtinen Antti (FIN)"]
[Black "Sammalvuo Tapani (FIN)"]
[Result "1-0"]
[WhiteElo "2193"]
[BlackElo "2477"]

1.d4 Nf6 2.c4 c5 3.d5 e6 4.Nc3 exd5 5.cxd5 d6 6.e4 g6 7.Nf3 Bg7 8.Be2 O-O
9.O-O Re8 10.Nd2 Nbd7 11.Qc2 Ne5 12.a4 g5 13.Ra3 g4 14.Nd1 Nh5 15.g3 b6 16.Ne3
Nf6 17.f4 gxf3 18.Nxf3 Bh3 19.Nxe5 Rxe5 20.Rf4 Qd7 21.Rh4 h5 22.Bb5 Qc8 23.Nc4
Rxe4 24.Rxe4 Qf5 25.Nxd6 Qxd5 26.Rd3 {#r} 1-0

[Event "Ch Hungary (w)"]
[Site "masterchessopen.com - Hungary"]
[Round "0"]
[White "Horvath Julia (HUN)"]
[Black "Zimmersmann Rita (HUN)"]
[Result "1-0"]
[WhiteElo "2211"]
[BlackElo "2225"]

1.d4 Nf6 2.c4 c5 3.d5 e6 4.Nc3 exd5 5.cxd5 d6 6.e4 g6 7.Nf3 Bg7 8.Be2 O-O
9.Nd2 Re8 10.O-O Nbd7 11.f3 Ne5 12.Nc4 Nxc4 13.Bxc4 Nh5 14.g4 Bd4+ 15.Kh1 Re5
16.Nb5 Qf6 17.Nxd4 cxd4 18.gxh5 Rxh5 19.Qe2 Bh3 20.Rg1 Rc8 21.Bd3 Kh8 22.Bd2
g5 23.Rg3 h6 24.Re1 Re8 25.Qf2 Rh4 26.b3 Qe5 27.Bc1 Kg8 28.Bb2 f5 29.Bxd4 Qe7
30.f4 Qf7 31.fxg5 f4 32.Rgg1 {#r} 1-0

[Event "It"]
[Site "masterchessopen.com - Lenk (Switzerland)"]
[Round "0"]
[White "Hug Marcel (SUI)"]
[Black "Ballmann Martin (SUI)"]
[Result "1-0"]
[WhiteElo "2338"]
[BlackElo "2369"]

1.d4 Nf6 2.c4 e6 3.Nf3 c5 4.d5 exd5 5.cxd5 d6 6.Nc3 g6 7.Nd2 Bg7 8.e4 O-O
9.Be2 Re8 10.O-O Nbd7 11.Qc2 Ne5 12.a4 g5 13.Ra3 a6 14.Nc4 Nxc4 15.Bxc4 Ng4
16.Ne2 Ne5 17.Ng3 g4 18.Be2 Qh4 19.Rb3 Bf8 20.Bf4 Ng6 21.Bd2 Ne5 22.Qc1 h6
23.a5 Ra7 24.Bc3 Qg5 25.Qxg5+ hxg5 26.Nh5 Bg7 27.Rb6 Rd8 28.Nxg7 Kxg7 29.Rxd6
Rxd6 30.Bxe5+ Rf6 31.Rc1 Bd7 32.Rxc5 Kg6 33.Bxf6 Kxf6 34.Rc7 Bb5 35.Bxg4 {#r}
1-0

[Event "It"]
[Site "masterchessopen.com - Moscow (Russia)"]
[Round "0"]
[White "Yanvarjov Igor (RUS)"]
[Black "Doghri Nabil (TUN)"]
[Result "1-0"]
[WhiteElo "2421"]
[BlackElo "2335"]

1.d4 Nf6 2.Nf3 e6 3.c4 c5 4.d5 exd5 5.cxd5 d6 6.Nc3 g6 7.Nd2 Bg7 8.e4 O-O
9.Be2 Re8 10.O-O Nbd7 11.a4 a6 12.Ra3 Rb8 13.a5 Qc7 14.Qc2 b5 15.axb6 Rxb6
16.b3 Rb4 17.Bxa6 Bxa6 18.Rxa6 Ne5 19.Bb2 c4 20.Na2 Rbb8 21.Bxe5 Rxe5 22.bxc4
Rbe8 23.Nc3 Bh6 24.Nf3 Qe7 25.Nxe5 Qxe5 26.g3 Bg7 27.Nb5 Qh5 28.f3 Qh3 {#r}
1-0

[Event "Ch Armed Forces"]
[Site "masterchessopen.com - Odessa (Ukraine)"]
[Round "0"]
[White "Deuch Y"]
[Black "Gogichaishvili Giorgi (GEO)"]
[Result "0-1"]
[WhiteElo "2300"]
[BlackElo "2348"]

1.d4 Nf6 2.Nf3 e6 3.c4 c5 4.d5 exd5 5.cxd5 d6 6.Nc3 g6 7.e4 Bg7 8.Be2 O-O
9.O-O Re8 10.Nd2 Nbd7 11.a4 a6 12.Qc2 Ne5 13.Ra3 g5 14.Re1 Ng6 15.Nc4 Ng4
16.a5 Qf6 17.Nd1 N4e5 18.Nb6 Rb8 19.Ne3 Nh4 20.Bd2 Bh3 21.Qd1 Rbd8 22.gxh3
Nef3+ 23.Kh1 Nxe1 24.Bxe1 Rxe4 25.Nbc4 Qf4 26.Rb3 Rde8 27.Rxb7 Rxe3 28.Nxe3
Rxe3 29.Rb8+ Bf8 30.fxe3 Qe4+ 31.Bf3 Nxf3 32.Qe2 Nxe1+ 33.Kg1 Nd3 34.Qd2 Ne5
35.Qe2 Nd3 36.Qd2 Qxd5 37.Rb6 Bh6 38.Rxa6 Kg7 39.Ra7 g4 40.hxg4 {#R} 0-1

[Event "It (open)"]
[Site "masterchessopen.com - Vienna (Austria)"]
[Round "0"]
[White "Hafner Robert (AUT)"]
[Black "Jelinek Petr (CZE)"]
[Result "1-0"]
[WhiteElo "2091"]
[BlackElo "2117"]

1.d4 Nf6 2.c4 e6 3.Nc3 c5 4.d5 exd5 5.cxd5 g6 6.e4 d6 7.Nf3 Bg7 8.Be2 O-O
9.O-O Re8 10.Nd2 Bd7 11.f3 Nh5 12.Nc4 Qh4 13.Qe1 Bd4+ 14.Kh1 Qf6 15.g4 Nf4
16.Bxf4 Qxf4 17.Qg3 Be5 18.Nxe5 Qxg3 19.hxg3 dxe5 20.f4 Na6 21.f5 g5 22.Kg2
Kg7 23.Rh1 h6 24.Rh5 Rab8 25.Rah1 Rh8 26.f6+ Kg6 27.Nd1 Nc7 28.Ne3 Ne8 29.Nc4
Nxf6 30.Nxe5+ Kg7 31.R5h2 a6 32.Rf1 Be8 33.Bd3 b5 34.Kg1 Rb6 35.Rhf2 Rf8
36.Kg2 Ng8 37.Be2 c4 38.Nf3 Ne7 39.Nd4 Bd7 40.Nf5+ Bxf5 41.gxf5 Kf6 42.Bf3 Ke5
43.Rh1 Rd8 44.Re2 Nc8 45.Kf2 Rf6 46.Ke3 Nb6 47.Rc2 Na4 48.b3 Nb6 49.Be2 cxb3
50.axb3 Rfd6 51.Rhc1 R8d7 52.g4 Rd8 53.Bd3 R8d7 54.Ra2 Na8 55.Bxb5 Rb7 56.Bc4
Nc7 57.Ra5 Rb4 58.Rca1 f6 59.R1a4 Rdb6 60.Rxb4 Rxb4 61.Rc5 Nb5 62.Rc6 Nd6
63.Rxa6 Nxc4+ 64.bxc4 Rb3+ 65.Ke2 Kxe4 66.Re6+ Kd4 67.d6 Rb8 68.Rxf6 Kxc4
69.Rxh6 Kd4 70.Rh3 Ke4 71.Re3+ Kf4 72.Rd3 Rd8 73.d7 Ke5 74.Kf3 {#r} 1-0

[Event "Ch Germany (juniors) (under 15)"]
[Site "masterchessopen.com - Bochum (Germany)"]
[Round "0"]
[White "Florea Dan (GER)"]
[Black "Wiebe Patrick (GER)"]
[Result "0-1"]
[WhiteElo "2304"]
[BlackElo "2198"]

1.d4 Nf6 2.c4 c5 3.d5 d6 4.Nc3 g6 5.e4 Bg7 6.Nf3 O-O 7.Be2 e6 8.O-O exd5
9.cxd5 Re8 10.Nd2 a6 11.a4 b6 12.f3 Nbd7 13.Nc4 Ne5 14.Nxe5 Rxe5 15.Be3 Qc7
16.Qd2 Re8 17.Rab1 Bd7 18.Rfc1 Reb8 19.b4 Ne8 20.Kh1 f5 21.h4 Nf6 22.a5 Nh5
23.axb6 Rxb6 24.bxc5 Rxb1 25.Nxb1 dxc5 26.Bxc5 Qg3 27.Qe1 Be5 28.Bg1 Rc8
29.Rxc8+ Bxc8 30.Qf2 Qf4 31.g3 Nxg3+ 32.Kg2 Qxh4 33.Bh2 f4 34.Na3 Bh3+ 35.Kg1
Bd4 36.Qxd4 Nxe2+ {#R} 0-1

[Event "It (open)"]
[Site "masterchessopen.com - Ceske Budejovice (Czech Republic)"]
[Round "0"]
[White "Meduna Eduard (CZE)"]
[Black "Poloch Petr (CZE)"]
[Result "1-0"]
[WhiteElo "2435"]
[BlackElo "2276"]

1.d4 Nf6 2.c4 c5 3.d5 d6 4.Nc3 g6 5.e4 Bg7 6.Nf3 O-O 7.Be2 e6 8.O-O exd5
9.cxd5 Re8 10.Nd2 Nbd7 11.f4 c4 12.Kh1 Nc5 13.e5 dxe5 14.fxe5 Rxe5 15.Nxc4 Rf5
16.Bf3 Ng4 17.Ne3 Nxe3 18.Bxe3 b6 19.Re1 Ba6 20.Bxc5 bxc5 21.d6 Rb8 22.Nd5
Rxf3 23.gxf3 Rxb2 24.Qa4 Bb5 25.Qf4 g5 26.Ne7+ Kf8 27.Qxg5 Qa8 28.Nd5 Re2 {#r}
1-0

[Event "Oberliga Northeast 1992/93"]
[Site "masterchessopen.com - Germany"]
[Round "0"]
[White "Krajewski Wolfgang (GER)"]
[Black "Poppner Dietmar (GER)"]
[Result "1-0"]
[WhiteElo "2079"]
[BlackElo "2053"]

1.d4 Nf6 2.c4 c5 3.d5 g6 4.Nc3 Bg7 5.e4 d6 6.Nf3 O-O 7.Be2 e6 8.O-O exd5
9.cxd5 Re8 10.Nd2 b6 11.Kh1 Ba6 12.Bxa6 Nxa6 13.f3 Nc7 14.a4 Nh5 15.Nc4 Qh4
16.Qe1 Qxe1 17.Rxe1 Bxc3 18.bxc3 Nxd5 19.Bb2 Ndf4 20.Rad1 d5 21.exd5 Rxe1+
22.Rxe1 Nxd5 23.Rd1 Ndf4 24.g3 Ne6 25.Rd7 Nf6 26.Rb7 Nd8 27.Rc7 Ne6 28.Rb7 Ne8
29.Bc1 N8c7 30.Bh6 f6 31.f4 Nd5 32.Nd6 Rd8 33.Nf7 Rc8 34.c4 Rc7 35.Rb8+ Kxf7
36.cxd5 Ng7 37.Rh8 Rd7 38.Rxh7 Rxd5 39.Rxg7+ Ke6 40.Rxa7 Rd4 41.Ra6 Kf5
42.Rxb6 Rxa4 43.Bg7 Kg4 44.Bxf6 Rc4 45.Rb1 Kh3 46.Kg1 Rc2 47.Bh4 Rg2+ 48.Kf1
Rxh2 49.Re1 c4 50.Re2 Rh1+ 51.Kf2 Rc1 52.Ke3 Kg4 53.Kd2 Ra1 54.Re4 Ra4 55.Kc3
Kf3 56.Rxc4 Ra6 57.Kd4 Re6 58.Rc5 Rd6+ 59.Ke5 Ra6 60.Rd5 Kg4 61.Rd6 Ra5+
62.Kf6 Kh5 63.Re6 Ra8 64.Re7 Ra6+ 65.Kg7 g5 66.Bxg5 Rg6+ 67.Kf7 Ra6 68.Bh4 Kg4
69.Re6 Ra7+ 70.Kg6 Ra8 71.f5 Rg8+ 72.Kf7 Ra8 73.f6 Kf5 74.Re8 Ra7+ 75.Re7 Ra4
76.Rb7 Ra5 77.Kg7 {#r} 1-0

[Event "It (open)"]
[Site "masterchessopen.com - Helsinki (Finland)"]
[Round "7"]
[White "Salo Heikki (FIN)"]
[Black "Manninen Marko (FIN)"]
[Result "0-1"]
[WhiteElo "2229"]
[BlackElo "2420"]

1.d4 Nf6 2.c4 c5 3.d5 e6 4.Nc3 exd5 5.cxd5 d6 6.e4 g6 7.Nf3 Bg7 8.Be2 O-O
9.O-O Re8 10.Nd2 Nbd7 11.f3 h6 12.Nc4 Ne5 13.Ne3 Ned7 14.Bd3 Ne5 15.Bb5 Ned7
16.Bd3 Ne5 17.Bb5 Re7 18.a4 g5 19.g4 Ng6 20.Ne2 a6 21.Bd3 Rb8 22.a5 Nh7 23.Ng3
Nh4 24.Nc4 Bd7 25.Kh1 Bb5 26.Ne3 Bd7 27.Ra3 Bd4 28.Qc2 Nf8 29.Nc4 Bb5 30.f4 f6
31.Nh5 Rf7 32.Be3 Qd7 33.Qe2 Bxe3 34.Nxe3 Bxd3 35.Rxd3 Qe7 36.Nc4 Re8 37.fxg5
hxg5 38.Kg1 {#R} 0-1

[Event "Memorial Erkel (open)"]
[Site "masterchessopen.com - Hungary"]
[Round "0"]
[White "Monus Zoltan (HUN)"]
[Black "Chetverik Maxim (RUS)"]
[Result "0-1"]
[WhiteElo "2092"]
[BlackElo "2284"]

1.d4 Nf6 2.c4 e6 3.Nf3 c5 4.d5 exd5 5.cxd5 g6 6.Nc3 d6 7.e4 Bg7 8.Be2 O-O
9.O-O Re8 10.Nd2 b6 11.a4 Ba6 12.Bb5 Bxb5 13.axb5 Nbd7 14.Ra3 Ne5 15.Qc2 Qe7
16.Nd1 Nh5 17.f3 a6 18.bxa6 b5 19.f4 Ng4 20.h3 Bd4+ 21.Kh1 Qh4 22.Qd3 f5
23.Qf3 Rxa6 24.Rd3 Ra4 25.Nb3 Rxe4 26.Nxd4 Raxd4 27.Kg1 Rxd3 28.Qxd3 Ng3
29.Nc3 Nxf1 30.Nxe4 fxe4 31.Qxf1 Nf6 32.Kh2 Ng4+ 33.Kg1 Nf6 34.Kh2 Qh5 35.Qxb5
Qxd5 36.b3 Qe6 37.Qc4 Kf7 38.Kg3 Nh5+ 39.Kf2 Nf6 40.Qxe6+ Kxe6 41.Ke3 d5
42.Bb2 d4+ 43.Bxd4 cxd4+ 44.Kxd4 Kf5 45.g3 Nh5 46.b4 Nxg3 47.b5 Ke6 {#R} 0-1

[Event "Ch City (b)"]
[Site "masterchessopen.com - Lisbon (Portugal)"]
[Round "9"]
[White "Santos Antonio P (POR)"]
[Black "Galego Luis (POR)"]
[Result "0-1"]
[WhiteElo "2336"]
[BlackElo "2385"]

1.d4 Nf6 2.c4 c5 3.d5 e6 4.Nc3 exd5 5.cxd5 d6 6.e4 g6 7.Nf3 Bg7 8.Be2 O-O
9.O-O Re8 10.Nd2 a6 11.a4 Nbd7 12.Ra3 Ne5 13.Qc2 g5 14.Nd1 Ng6 15.g3 Nxd5
16.Nc4 Nb4 17.Qd2 Bh3 18.Nxd6 Bxf1 19.Kxf1 Re6 20.Nxb7 Qc7 21.Bc4 Qxb7 22.Bxe6
fxe6 23.Qxg5 Qxe4 24.Re3 Qc4+ 25.Re2 Qd5 {#R} 0-1

[Event "Olympiad"]
[Site "masterchessopen.com - Manila (Philippines)"]
[Round "7"]
[White "Pinter Jozsef (HUN)"]
[Black "Aguilar Juan (PER)"]
[Result "1-0"]
[WhiteElo "2590"]
[BlackElo "2312"]

1.d4 Nf6 2.c4 e6 3.Nf3 c5 4.d5 exd5 5.cxd5 d6 6.Nc3 g6 7.e4 Bg7 8.Be2 O-O
9.O-O Re8 10.Nd2 Nbd7 11.a4 Ne5 12.Ra3 g5 13.Re1 h6 14.Nf1 Ng6 15.Ng3 a6
16.Bd2 Nd7 17.Nf5 Nde5 18.Nxg7 Kxg7 19.Qc2 b6 20.Nd1 Ra7 21.Ne3 f6 22.Bh5 Rf8
23.Bxg6 Nxg6 24.Nf5+ Bxf5 25.exf5 Ne5 26.f4 gxf4 27.Bxf4 Rh8 28.Qf2 Kf8 29.Qh4
Ke8 30.Rg3 Rf7 31.Rg6 h5 32.Qg3 Qe7 33.Bxe5 dxe5 34.Qd3 Qb7 35.d6 Kd8 36.Qc4
h4 37.h3 Kc8 38.b4 Kb8 39.bxc5 Rc8 40.Qxh4 Rxc5 41.Rxf6 Rc2 42.Qh8+ Ka7
43.Rxf7 Rxg2+ 44.Kf1 Qxf7 45.Kxg2 Qd5+ 46.Kg3 Qb3+ 47.Kg4 Qb4+ 48.Kh5 Qxe1
49.Qg7+ Ka8 50.Qg8+ Kb7 51.Qd5+ {#r} 1-0

[Event "Ch Netherlands (team)"]
[Site "masterchessopen.com - Netherlands"]
[Round "0"]
[White "Tolk Peter (NED)"]
[Black "Westerveld Wim (NED)"]
[Result "0-1"]
[WhiteElo "2132"]
[BlackElo "2175"]

1.d4 Nf6 2.Nf3 g6 3.c4 c5 4.d5 d6 5.Nc3 Bg7 6.e4 O-O 7.Be2 e6 8.Nd2 Re8 9.O-O
exd5 10.cxd5 b6 11.Bb5 Bd7 12.Bd3 Ng4 13.h3 Ne5 14.Be2 g5 15.Nf3 Nxf3+ 16.Bxf3
b5 17.Ne2 Na6 18.Ng3 c4 19.Bg4 Nc5 20.Bxd7 Qxd7 21.f3 h6 22.Nf5 Re5 23.Nxg7
Kxg7 24.b3 Nd3 25.bxc4 bxc4 26.Be3 f6 27.Qc2 Rc8 28.Bd4 Re7 29.Rab1 Rc7 30.Qc3
Rf7 31.Rb8 Nf4 32.Kh2 Ne2 33.Qd2 Nxd4 34.Qxd4 Qa4 35.Rf2 Rc5 36.f4 Qd7 37.fxg5
hxg5 38.Rf5 Kg6 39.Rg8+ Kh7 40.Rfxg5 c3 41.Rg3 c2 42.e5 Rg7 43.Rf8 c1=Q
44.Qh4+ Qh6 45.Rh8+ Kxh8 46.Qxh6+ Kg8 47.Rb3 fxe5 48.Rb8+ Rc8 49.Rxc8+ Qxc8
50.Qxd6 Qe8 51.g4 e4 52.Qc5 e3 53.d6 e2 54.Qd5+ Kh8 55.Qd2 {#R} 0-1

[Event "Ch Europe (juniors)"]
[Site "masterchessopen.com - Rimavska Sobota (Slovakia)"]
[Round "0"]
[White "Timofeeva Lidia (RUS)"]
[Black "Abbasova Aiguioun (AZE)"]
[Result "1-0"]
[WhiteElo "2170"]
[BlackElo "2170"]

1.d4 Nf6 2.c4 c5 3.d5 e6 4.Nc3 exd5 5.cxd5 d6 6.e4 g6 7.Be2 Bg7 8.Nf3 O-O
9.Nd2 Re8 10.O-O a6 11.a4 Nbd7 12.Kh1 Rb8 13.f4 Qc7 14.a5 b5 15.axb6 Rxb6
16.g4 h6 17.h4 Nh7 18.g5 Rb8 19.Qe1 Qd8 20.Qg3 Ndf8 21.Bd3 Kh8 22.Nc4 Rb4
23.f5 Bxc3 24.bxc3 Rxc4 25.Bxc4 Rxe4 26.Bd3 Re5 27.Bf4 {#r} 1-0

[Event "Ch Bulgaria (1/2 final)"]
[Site "masterchessopen.com - Sofia (Bulgaria)"]
[Round "3"]
[White "Dobrev Nanko (BUL)"]
[Black "Atanasov Radislav (BUL)"]
[Result "1-0"]
[WhiteElo "2386"]
[BlackElo "2248"]

1.d4 Nf6 2.Nf3 e6 3.c4 c5 4.d5 exd5 5.cxd5 d6 6.Nc3 g6 7.e4 Bg7 8.Nd2 O-O
9.Be2 Re8 10.O-O Nbd7 11.Re1 a6 12.a4 Rb8 13.Qc2 Qc7 14.a5 b5 15.axb6 Nxb6
16.Nc4 Nxc4 17.Bxc4 Ng4 18.h3 Ne5 19.Bxa6 Ra8 20.Bb5 Rxa1 21.Bxe8 Qd8 22.Bb5
Bxh3 23.Be2 Bc8 24.Bd2 Ra8 25.Nb5 Qb6 26.Bc3 Bd7 27.Na3 f5 28.Nc4 Nxc4 29.Bxc4
fxe4 30.Bxg7 Kxg7 31.Rxe4 Ra1+ 32.Kh2 Qd8 33.Qc3+ Kf7 34.g3 Bf5 35.Rh4 h5
36.Rf4 Qe7 37.Bd3 Qg5 38.Bxf5 gxf5 39.Qh8 Rb1 40.Qh7+ Kf6 41.Qd7 {#r} 1-0

[Event "It (open)"]
[Site "masterchessopen.com - Warsaw (Poland)"]
[Round "0"]
[White "Khomyakov Vladimir (UKR)"]
[Black "Deszczynski Adam (POL)"]
[Result "0-1"]
[WhiteElo "2105"]
[BlackElo "2356"]

1.d4 Nf6 2.c4 g6 3.Nc3 Bg7 4.e4 d6 5.Nf3 O-O 6.Be2 c5 7.d5 e6 8.Nd2 exd5
9.cxd5 Re8 10.O-O Nbd7 11.a4 Ne5 12.Ra3 g5 13.Bb5 Re7 14.Re1 Ng6 15.Nf1 a6
16.Bd3 h6 17.Ng3 Qc7 18.Nh5 Nxh5 19.Qxh5 Bd7 20.a5 Rf8 21.Qd1 f5 22.exf5 Rxe1+
23.Qxe1 Bxf5 24.Bxf5 Rxf5 25.Be3 Bxc3 26.Qxc3 Rxd5 27.Ra1 Qf7 28.Qc2 Qf5
29.Qb3 Qd3 30.Qa4 Qf5 31.Qe8+ Kg7 32.h3 Qf7 33.Qc8 Re5 34.Qb8 Qd5 35.Qc7+ Re7
36.Qd8 Kf7 37.g3 Ne5 38.Ra3 Nf3+ 39.Kf1 Qd1+ 40.Kg2 Ne1+ 41.Kh2 Qf3 42.Qxe7+
Kxe7 43.Bxg5+ hxg5 {#R} 0-1

[Event "It (festival)"]
[Site "masterchessopen.com - Doha (Qatar)"]
[Round "0"]
[White "Abou El Zein Eid Mahmoud (EGY)"]
[Black "Guseinov Aidyn (AZE)"]
[Result "0-1"]
[WhiteElo "2329"]
[BlackElo "2489"]

1.d4 Nf6 2.c4 e6 3.Nf3 c5 4.d5 exd5 5.cxd5 d6 6.Nc3 g6 7.Nd2 Bg7 8.e4 O-O
9.Be2 Re8 10.O-O a6 11.a4 Nbd7 12.Qc2 Ne5 13.Nc4 Nxc4 14.Bxc4 Ng4 15.Be2 f5
16.Bxg4 fxg4 17.Bf4 g5 18.Be3 Rb8 19.Rfe1 b5 20.axb5 axb5 21.Ra7 Qf6 22.Qd2 b4
23.Nd1 h6 24.Qd3 Re7 25.Rxe7 Qxe7 26.b3 Ra8 27.Bd2 Ra2 28.Bc1 Qe5 29.Qb5 Kh7
30.Qc6 Ba6 31.Bb2 Qf4 32.Qd7 Rxb2 33.Nxb2 Qd2 34.Rd1 Qxb2 35.Qf5+ Kh8 36.e5
Qxe5 37.Qd7 Qe2 {#R} 0-1

[Event "It (open)"]
[Site "masterchessopen.com - London (England)"]
[Round "7"]
[White "Harakis Alexis (ENG)"]
[Black "Tuddenham David"]
[Result "1-0"]
[WhiteElo "2220"]
[BlackElo "1992"]

1.d4 Nf6 2.c4 c5 3.d5 g6 4.Nc3 Bg7 5.e4 d6 6.Be2 e6 7.Nf3 exd5 8.cxd5 O-O
9.Nd2 Re8 10.O-O Nbd7 11.Qc2 a6 12.a4 Rb8 13.h3 Qc7 14.Kh1 Qd8 15.Nc4 Ne5
16.Ne3 Nh5 17.Bxh5 gxh5 18.f4 Ng4 19.hxg4 Qh4+ 20.Kg1 Bd4 21.Qf2 Qxf2+ 22.Kxf2
hxg4 23.Kg3 h5 24.Rh1 Bxe3 25.Bxe3 b5 26.axb5 axb5 27.e5 dxe5 28.fxe5 Rxe5
29.Bf4 {#r} 1-0

[Event "It (open)"]
[Site "masterchessopen.com - Paris (France)"]
[Round "2"]
[White "Leroy Adrien (FRA)"]
[Black "Jaulin Marc (FRA)"]
[Result "0-1"]
[WhiteElo "2239"]
[BlackElo "2108"]

1.d4 Nf6 2.c4 c5 3.d5 e6 4.Nc3 exd5 5.cxd5 d6 6.Nf3 g6 7.Nd2 Bg7 8.e4 O-O
9.Be2 Re8 10.O-O a6 11.a4 Nbd7 12.Qc2 Ne5 13.b3 g5 14.Bb2 Ng6 15.Rfe1 Nf4
16.Bf1 Ng4 17.Nf3 Ne5 18.Nxe5 Bxe5 19.Nd1 Ng6 20.Bxe5 Nxe5 21.Ne3 Qf6 22.Qd2
Bg4 23.Be2 Bd7 24.a5 g4 25.b4 Rec8 26.bxc5 Rxc5 27.Rec1 Rac8 28.Rxc5 Nf3+
29.gxf3 Qxa1+ 30.Kg2 gxf3+ 31.Kxf3 Rxc5 32.Ng4 Qg7 33.Qf4 Bxg4+ {#R} 0-1

[Event "Tournament (team)"]
[Site "masterchessopen.com - Baden-Wuerttemberg (Germany)"]
[Round "0"]
[White "Schneider Frank (GER)"]
[Black "Soelch Helmut (GER)"]
[Result "1-0"]
[WhiteElo "1822"]
[BlackElo "2211"]

1.d4 Nf6 2.c4 c5 3.d5 e6 4.Nc3 exd5 5.cxd5 d6 6.e4 g6 7.Nf3 Bg7 8.Be2 O-O
9.O-O Re8 10.Nd2 b6 11.Kh1 Ba6 12.a4 Bxe2 13.Qxe2 Qc8 14.f3 Na6 15.Nc4 Rd8
16.Bf4 Ne8 17.Nb5 Bf8 18.Rad1 f6 19.g4 Nac7 20.Nc3 Rb8 21.g5 a6 22.gxf6 b5
23.f7+ Kxf7 24.Na5 Nf6 25.Nc6 Re8 26.Nxb8 Qxb8 27.axb5 axb5 28.Qg2 Nh5 29.Bc1
Qd8 30.b4 cxb4 31.Ne2 Bg7 32.Nd4 Kg8 33.Nc6 Qh4 34.Bg5 {#r} 1-0

[Event "Ch France (accession)"]
[Site "masterchessopen.com - Chambery (France)"]
[Round "4"]
[White "Mallet Lionel (FRA)"]
[Black "Derieux Christian (FRA)"]
[Result "0-1"]
[WhiteElo "2037"]
[BlackElo "2025"]

1.d4 Nf6 2.c4 c5 3.d5 e6 4.Nc3 exd5 5.cxd5 d6 6.e4 g6 7.Nf3 Bg7 8.Be2 O-O
9.Nd2 Re8 10.O-O Nbd7 11.f4 c4 12.Kh1 Nc5 13.e5 dxe5 14.fxe5 Rxe5 15.Nxc4 Re8
16.Bg5 h6 17.Bh4 g5 18.Be1 b6 19.b4 Nce4 20.d6 Bb7 21.Rc1 Qd7 22.a4 Rad8
23.Nb5 Bc6 24.Bc3 Ng3+ 25.Kg1 Nxe2+ 26.Kh1 Ng3+ 27.Kg1 Ne2+ 28.Kh1 Bxg2+
29.Kxg2 Qg4+ 30.Kh1 Qe4+ {#R} 0-1

[Event "It (open)"]
[Site "masterchessopen.com - Graz (Austria)"]
[Round "4"]
[White "Singer Richard (AUT)"]
[Black "Krieger Hermann (GER)"]
[Result "0-1"]
[WhiteElo "2263"]
[BlackElo "2200"]

1.d4 Nf6 2.c4 c5 3.d5 e6 4.Nc3 exd5 5.cxd5 d6 6.Nf3 g6 7.e4 Bg7 8.Be2 O-O
9.Nd2 Re8 10.O-O Nbd7 11.Qc2 a6 12.a4 Ra7 13.Ra3 Nb6 14.h3 Nfxd5 15.exd5 Bxc3
16.Qxc3 Rxe2 17.a5 Nxd5 18.Qc4 Re5 19.Nf3 b5 20.axb6 Nxb6 21.Qc3 Rd5 22.Bh6 f6
23.Qa5 c4 24.Qc3 Rd3 25.Qa5 Rd5 26.Qc3 g5 27.Nd4 Qe8 28.Ra5 Re5 29.Nf3 Rxa5
30.Qxa5 Qb5 31.Qc3 Nd5 32.Qd2 Bf5 33.Re1 Bg6 34.Rd1 Ne7 35.Qxd6 Kf7 36.Re1 Qd7
37.Qb8 Nc8 38.Qb4 Nd6 39.Qc5 Be4 40.Rd1 Bd3 41.Qd5+ Qe6 42.Qd4 Nb5 43.Qd8 Kg6
44.Re1 Qd6 45.Qg8+ Kxh6 46.Re6 Rg7 47.Qc8 Bf5 {#R} 0-1

[Event "It"]
[Site "masterchessopen.com - Habana (Cuba)"]
[Round "8"]
[White "Benzanilla Alexis (CUB)"]
[Black "Andres Miguel (CUB)"]
[Result "0-1"]
[WhiteElo "2240"]
[BlackElo "2310"]

1.d4 Nf6 2.c4 c5 3.d5 g6 4.Nc3 Bg7 5.e4 d6 6.Nf3 O-O 7.Be2 e6 8.O-O exd5
9.cxd5 Re8 10.Nd2 Nbd7 11.Qc2 Ne5 12.h3 g5 13.Nc4 Nxc4 14.Bxc4 Nh5 15.Bd2 g4
16.hxg4 Bxg4 17.Qd3 Qh4 18.Qe3 f5 19.Qg5 Qxg5 20.Bxg5 fxe4 21.Rfe1 a6 22.a4
Re5 23.Bd2 Rae8 24.Ra3 Bf5 25.Rb3 R5e7 26.Rb6 Be5 27.Kf1 Rf7 28.Kg1 Rg7 29.Ne2
Bh3 30.g3 Bg4 31.Nc3 Bf3 32.Nxe4 Bd4 33.Bd3 Rge7 34.Bg5 Re5 35.Bf6 Bxe4
36.Bxe5 Bxd3 37.Rd1 Be2 38.Rxd4 cxd4 39.Bxd4 Bf3 40.Be3 Bxd5 41.Rxd6 Bc6
42.Rd4 Re4 43.Rxe4 Bxe4 44.Bd4 Kf7 45.Kf1 Bf3 46.Ke1 Nf6 47.Kd2 Bc6 48.a5 {#R}
0-1

[Event "It (open)"]
[Site "masterchessopen.com - Kstovo (Russia)"]
[Round "0"]
[White "Nepomnishay Mikhail I (RUS)"]
[Black "Stepovoj Vladimir (RUS)"]
[Result "1-0"]
[WhiteElo "2345"]
[BlackElo "2335"]

1.d4 Nf6 2.c4 c5 3.Nf3 e6 4.d5 exd5 5.cxd5 d6 6.Nc3 g6 7.Nd2 Bg7 8.e4 O-O
9.Be2 Re8 10.O-O a6 11.a4 Nbd7 12.Ra3 b6 13.h3 Rb8 14.Re1 Qc7 15.Qc2 c4 16.Qb1
b5 17.axb5 axb5 18.b4 Nc5 19.Bf1 Bd7 20.Bb2 Na4 21.Nxa4 bxa4 22.Qa1 Nh5
23.Bxg7 Nxg7 24.Rb1 f5 25.Rc3 Bb5 26.Bxc4 Qb6 27.Bxb5 Qxb5 28.Rc7 Re5 29.Nc4
Ne8 30.Nxd6 Nxd6 31.Qxe5 Nf7 32.Qf6 Rf8 33.e5 Qd3 34.Rbc1 {#r} 1-0

[Event "Ch Portugal (juniors) (under 18) (g)"]
[Site "masterchessopen.com - Portugal"]
[Round "4"]
[White "Costa Paulo C (BRA)"]
[Black "Evangelista Ricardo (POR)"]
[Result "0-1"]
[WhiteElo "2061"]
[BlackElo "2125"]

1.d4 Nf6 2.c4 c5 3.d5 e6 4.Nc3 exd5 5.cxd5 d6 6.e4 g6 7.Nf3 Bg7 8.Be2 O-O
9.O-O Re8 10.Nd2 a6 11.a4 Nbd7 12.h3 b6 13.Qc2 Bb7 14.Nc4 Ne5 15.Nxe5 Rxe5
16.f4 Re8 17.Bf3 Rc8 18.Bd2 c4 19.Rae1 Nd7 20.Be3 Nc5 21.Bxc5 Rxc5 22.Qf2 Ra5
23.Bd1 Qc7 24.Qd2 b5 25.axb5 axb5 26.e5 Qb6+ 27.Kh1 Raa8 28.Ne4 dxe5 29.fxe5
Rxe5 30.Ng5 Rxe1 31.Qxe1 Bxd5 32.Qh4 h6 33.Nf3 Qf6 34.Qg4 h5 35.Qd7 Qc6 36.Qe7
Re8 37.Qg5 Bxb2 38.Nh4 Bg7 {#R} 0-1